[Event "Lichtenberger Sommer 2023"]
[Site "Berlin"]
[Date "2023.08.18"]
[Round "7.27"]
[White "Plump, Detlef"]
[Black "Heppert, Lars"]
[Result "1-0"]
[WhiteElo "2089"]
[BlackElo "1887"]
[PlyCount "83"]
[EventDate "2023.??.??"]
[WhiteTeam "Bremer SG von 1877"]
[BlackTeam "SK Neuburg"]

1. e4 d5 2. exd5 Qxd5 3. Nc3 Qd6 4. d4 Nf6 5. Nf3 c6 6. g3 Bg4 7. Bg2 e6 8. O-O
Be7 9. a3 O-O 10. Bf4 Qd8 11. h3 Bxf3 12. Bxf3 Nbd7 13. Qd3 Nb6 14. Ne4 Nbd5
15. Bd2 b5 16. b3 Qb6 17. c4 bxc4 18. bxc4 Nxe4 19. Qxe4 Nf6 20. Qxc6 Qb2 21.
Be3 Rac8 22. Qa6 Qb6 23. Qxb6 axb6 24. Rfc1 Nd7 25. a4 Rc7 26. Bf4 Ra7 27. Bc6
Bf6 28. Be3 Rc8 29. Bb5 Kf8 30. Rab1 Ke7 31. c5 bxc5 32. dxc5 Raa8 33. c6 Nf8
34. Bc5+ Ke8 35. Rd1 Rc7 36. Bd6 Bd8 37. Bxc7 Bxc7 38. Bf1 Rc8 39. Ba6 Ra8 40.
Rb7 Ba5 41. c7 Bxc7 42. Bb5+ 1-0

[Event "Lichtenberger Sommer 2023"]
[Site "Berlin"]
[Date "2023.08.18"]
[Round "7.28"]
[White "Kapr, Klaus"]
[Black "Heuser, Philip"]
[Result "1/2-1/2"]
[WhiteElo "1876"]
[BlackElo "2061"]
[PlyCount "21"]
[EventDate "2023.??.??"]
[WhiteTeam "SC Friesen Lichtenberg e.V."]
[BlackTeam "Münchener SC 1836 e.V."]

1. e4 c6 2. d4 d5 3. exd5 cxd5 4. c4 Nf6 5. Nc3 Nc6 6. Nf3 Bg4 7. Be3 e6 8. c5
Be7 9. Bb5 O-O 10. Bxc6 bxc6 11. Qa4 1/2-1/2

[Event "Lichtenberger Sommer 2023"]
[Site "Berlin"]
[Date "2023.08.18"]
[Round "7.29"]
[White "Wirth, Heinz"]
[Black "Damm, Yannic"]
[Result "0-1"]
[WhiteElo "2060"]
[BlackElo "1873"]
[PlyCount "72"]
[EventDate "2023.??.??"]
[WhiteTeam "SC Weisse Dame e.V."]
[BlackTeam "SC Bonn Beuel"]

1. e4 c5 2. Nf3 Nc6 3. Bb5 g6 4. O-O Bg7 5. Re1 e5 6. Bxc6 dxc6 7. d3 Qc7 8.
Be3 b6 9. Nbd2 Ne7 10. Nc4 Be6 11. b3 h6 12. a4 a5 13. Bd2 g5 14. Bc3 Ng6 15.
Ne3 g4 16. Nf5 Bf6 17. Nd2 h5 18. Nc4 O-O-O 19. Qd2 Nf4 20. Kf1 h4 21. Nce3
Rdg8 22. Qd1 g3 23. h3 gxf2 24. Kxf2 Bxf5 25. exf5 Rg3 26. Rg1 Rhg8 27. Ng4 Nd5
28. Bd2 Qd7 29. Qe2 Qxf5+ 30. Ke1 Bg7 31. Rf1 Qd7 32. Qe4 Rf8 33. Qh7 f5 34.
Qxh4 Rxg2 35. Nf2 e4 36. c4 e3 0-1

[Event "Lichtenberger Sommer 2023"]
[Site "Berlin"]
[Date "2023.08.18"]
[Round "7.30"]
[White "Jesse, Timo"]
[Black "Scheide, Helmut"]
[Result "1-0"]
[WhiteElo "2034"]
[BlackElo "1832"]
[PlyCount "71"]
[EventDate "2023.??.??"]
[WhiteTeam "ESV 1949 Eberswalde e.V."]
[BlackTeam "USV Potsdam e.V., Abt. Schach"]

1. e4 e5 2. Nf3 Nc6 3. d4 exd4 4. Nxd4 Bc5 5. Be3 Qf6 6. c3 Nge7 7. Bc4 Ne5 8.
Be2 Qg6 9. O-O d5 10. Bh5 Bg4 11. Bxg6 Bxd1 12. Bxf7+ Kxf7 13. Rxd1 Nc4 14. Bc1
dxe4 15. b3 Nd6 16. Ba3 Bxa3 17. Nxa3 a6 18. c4 Rhe8 19. Nac2 Rad8 20. Ne3 g6
21. g4 c5 22. Ne2 Nc6 23. Rd5 b6 24. Rad1 Ke7 25. Kg2 Rf8 26. h4 Nb4 27. R5d2
Nd3 28. Nd5+ Ke6 29. Nec3 Nf4+ 30. Kg3 Nd3 31. Re2 Rf3+ 32. Kg2 Rdf8 33. Nxe4
Nxe4 34. Rxe4+ Kd6 35. Ne3 Rxf2+ 36. Kg1 1-0

[Event "Lichtenberger Sommer 2023"]
[Site "Berlin"]
[Date "2023.08.18"]
[Round "7.31"]
[White "Nieber, Alexander"]
[Black "Sabrowski, Uwe"]
[Result "0-1"]
[WhiteElo "1843"]
[BlackElo "2016"]
[PlyCount "116"]
[EventDate "2023.??.??"]
[WhiteTeam "SG Aufbau Elbe Magdeburg"]
[BlackTeam "SC Friesen Lichtenberg e.V."]

1. d4 f5 2. Bg5 g6 3. Nc3 Bg7 4. e4 fxe4 5. Nxe4 d5 6. Nc5 b6 7. Nb3 Nh6 8. Nf3
O-O 9. Be2 Nf7 10. Bh4 c5 11. c3 c4 12. Nbd2 Nc6 13. O-O b5 14. Ng5 Nd6 15. Bg4
Nf5 16. Bxf5 Rxf5 17. Re1 e5 18. Ngf3 g5 19. Bxg5 Rxg5 20. Nxg5 Qxg5 21. Nf3
Qf4 22. Nxe5 Nxe5 23. dxe5 Be6 24. Qe2 Rf8 25. Qe3 a5 26. Qxf4 Rxf4 27. g3 Rf3
28. Rad1 Rf8 29. f4 Rd8 30. Kg2 h5 31. Kf2 Bf8 32. Rd2 Bc5+ 33. Kg2 Kf7 34. Rf1
Kg6 35. h3 Bf5 36. Re1 Bb6 37. Kh2 Kf7 38. Ree2 Ke6 39. Rg2 Be4 40. Rge2 Kf5
41. Re1 Rg8 42. Rf1 b4 43. a3 Be3 44. Rdd1 bxa3 45. bxa3 Bc5 46. Rb1 Bxb1 47.
Rxb1 Bf2 48. g4+ hxg4 49. hxg4+ Rxg4 50. e6 Kxf4 51. Rb8 Bc5 52. Rb5 Bxa3 53.
Rxa5 Be7 54. Rxd5 Ke3 55. Rd7 Bf6 56. Rf7 Bxc3 57. e7 Re4 58. Kg2 Bb4 0-1

[Event "Lichtenberger Sommer 2023"]
[Site "Berlin"]
[Date "2023.08.18"]
[Round "7.32"]
[White "Steiger, Michael"]
[Black "Ho, Ngoc Hai-Dang"]
[Result "1/2-1/2"]
[WhiteElo "1966"]
[BlackElo "1782"]
[PlyCount "27"]
[EventDate "2023.??.??"]
[WhiteTeam "SC Kreuzberg e.V."]
[BlackTeam "SV Mattnetz Berlin e.V."]

1. c4 Nf6 2. Nf3 g6 3. g3 Bg7 4. Bg2 O-O 5. O-O d6 6. d4 Bf5 7. Nh4 Be4 8. Bxe4
Nxe4 9. Qd3 f5 10. f3 Nf6 11. e4 fxe4 12. fxe4 Nc6 13. Nf3 e5 14. d5 1/2-1/2

[Event "Lichtenberger Sommer 2023"]
[Site "Berlin"]
[Date "2023.08.18"]
[Round "7.33"]
[White "Heerde, Thomas"]
[Black "Wadepfuhl, Jeremy"]
[Result "1-0"]
[WhiteElo "1956"]
[BlackElo "1789"]
[PlyCount "51"]
[EventDate "2023.??.??"]
[WhiteTeam "SK Zehlendorf e.V."]
[BlackTeam "SC Borussia Lichtenberg"]

1. Nf3 Nf6 2. g3 g6 3. Bg2 Bg7 4. O-O O-O 5. d3 d5 6. Nbd2 c5 7. e4 Nc6 8. Re1
e5 9. c3 h6 10. a3 Be6 11. b4 d4 12. c4 Nd7 13. Nb3 cxb4 14. axb4 Nxb4 15. Ba3
Qb6 16. Qd2 Nc6 17. Reb1 Qc7 18. Bxf8 Bxf8 19. Ne1 Kg7 20. Nc2 a5 21. Na3 Bb4
22. Nb5 Qd8 23. Qd1 Na7 24. Nxa7 Rxa7 25. Nc1 b6 26. Rxb4 1-0

[Event "Lichtenberger Sommer 2023"]
[Site "Berlin"]
[Date "2023.08.18"]
[Round "7.34"]
[White "Dreke, Frank"]
[Black "Rouditser, Benjamin"]
[Result "1-0"]
[WhiteElo "1946"]
[BlackElo "1756"]
[PlyCount "113"]
[EventDate "2023.??.??"]
[WhiteTeam "SV Mattnetz Berlin e.V."]
[BlackTeam "SG Lasker Stegli"]

1. e4 c6 2. c4 d5 3. cxd5 cxd5 4. exd5 Nf6 5. Nf3 a6 6. Qa4+ Nbd7 7. d4 Nxd5 8.
Nc3 N5b6 9. Qb3 g6 10. a4 Nf6 11. a5 Nbd5 12. Bc4 e6 13. Bg5 Nxc3 14. bxc3 Be7
15. Bh6 Ng4 16. Bf4 O-O 17. h3 Nf6 18. O-O Nd5 19. Bg3 b5 20. axb6 Nxb6 21. Bd3
Bd6 22. Ne5 Qc7 23. c4 Nd7 24. Rfe1 Rd8 25. Bh4 Re8 26. Nxd7 Qxd7 27. Be4 Rb8
28. Qe3 f5 29. Bc2 e5 30. Ba4 Qf7 31. Bxe8 Qxe8 32. dxe5 Bb4 33. Red1 Bb7 34.
Qa7 Qxe5 35. Rab1 a5 36. Bf6 Qc7 37. Rd7 Qxd7 38. Qxb8+ Kf7 39. Qh8 Qc6 40.
Qg7+ Ke6 41. f3 f4 42. Bd4 Ba6 43. Rd1 Qxc4 44. Qf6+ Kd7 45. Bb2+ Kc7 46. Qd8+
Kc6 47. Qd7+ Kb6 48. Bd4+ Bc5 49. Qd6+ Kb5 50. Rb1+ Bb4 51. Qxf4 Qd3 52. Qe5+
Ka4 53. Ra1+ Kb3 54. f4 a4 55. Bc5 Bc3 56. Ra3+ Kb2 57. Rxc3 1-0

[Event "Lichtenberger Sommer 2023"]
[Site "Berlin"]
[Date "2023.08.18"]
[Round "7.35"]
[White "Hoyer, Olaf"]
[Black "Guenther, Thomas"]
[Result "0-1"]
[WhiteElo "1826"]
[BlackElo "1945"]
[PlyCount "60"]
[EventDate "2023.??.??"]
[WhiteTeam "SC Braunschweig Gliesmarode v. 1"]
[BlackTeam "vereinslos"]

1. d4 Nf6 2. Nf3 e6 3. g3 c5 4. Bg2 Nc6 5. O-O d5 6. c4 dxc4 7. dxc5 Qxd1 8.
Rxd1 Bxc5 9. Nc3 Bd7 10. Nd2 Na5 11. Nde4 Be7 12. Nxf6+ gxf6 13. Ne4 Bc6 14.
Bd2 f5 15. Bc3 Rg8 16. Bxa5 fxe4 17. Rd4 Bd5 18. Bxe4 Bf6 19. Bxh7 Bxd4 20.
Bxg8 Bxb2 21. Rb1 c3 22. Bh7 f5 23. Bg6+ Ke7 24. Re1 b6 25. Bb4+ Kf6 26. Bh5
Rd8 27. f3 Bxa2 28. e4 c2 29. e5+ Kg7 30. Be7 Rd1 0-1

[Event "Lichtenberger Sommer 2023"]
[Site "Berlin"]
[Date "2023.08.18"]
[Round "7.36"]
[White "Bauder, Herbert"]
[Black "Lorenz, Veronika"]
[Result "0-1"]
[WhiteElo "1926"]
[BlackElo "1668"]
[PlyCount "132"]
[EventDate "2023.??.??"]
[WhiteTeam "SG Lasker Steglitz"]
[BlackTeam "TSG Oberschöneweide e.V."]

1. d4 Nf6 2. Nf3 g6 3. c4 Bg7 4. Nc3 d6 5. e4 O-O 6. Be2 Nbd7 7. O-O e5 8. Re1
Qe7 9. Bf1 c6 10. d5 c5 11. a3 Kh8 12. b4 Ng8 13. Bg5 f6 14. Bd2 Bh6 15. Bxh6
Nxh6 16. Qd2 Kg7 17. Nb5 Nb6 18. bxc5 dxc5 19. Rad1 Nf7 20. d6 Qd7 21. Re3 Rd8
22. Qa5 Qc6 23. Nxa7 Qa4 24. Qxa4 Nxa4 25. Nxc8 Raxc8 26. d7 Rc7 27. g3 Rcxd7
28. Rxd7 Rxd7 29. Bh3 Rd1+ 30. Kg2 Nd6 31. Be6 Nb2 32. Bd5 Nbxc4 33. Rb3 Kh6
34. Ng1 Ra1 35. Bxc4 Nxc4 36. Rxb7 Rxa3 37. Rb5 Rc3 38. Ne2 Rc2 39. Kf3 Nd2+
40. Ke3 Nxe4 41. Rb6 f5 42. Re6 Nc3 43. Nxc3 Rxc3+ 44. Kd2 Rf3 45. Ke2 e4 46.
Rc6 Rc3 47. Kd2 Rd3+ 48. Ke2 Rd5 49. h4 Kh5 50. Rc7 h6 51. f3 exf3+ 52. Kxf3
Rd3+ 53. Kf2 Kg4 54. Rxc5 Rxg3 55. h5 Rf3+ 56. Kg2 g5 57. Rc6 Rh3 58. Rxh6 Rxh5
59. Rc6 f4 60. Rc4 Rh3 61. Rc5 Ra3 62. Kg1 Ra2 63. Rd5 f3 64. Rc5 Kh4 65. Rf5
g4 66. Rf8 Kg3 0-1

[Event "Lichtenberger Sommer 2023"]
[Site "Berlin"]
[Date "2023.08.18"]
[Round "7.37"]
[White "Duppel, Yago"]
[Black "Heß, Jürgen"]
[Result "1-0"]
[WhiteElo "1743"]
[BlackElo "1922"]
[PlyCount "49"]
[EventDate "2023.??.??"]
[WhiteTeam "SV Königsjäger Süd-West e.V."]
[BlackTeam "SG Arnstadt-Stadtilm"]

1. d4 Nf6 2. Bg5 e6 3. Nf3 d5 4. e3 Nbd7 5. Bd3 h6 6. Bh4 Be7 7. c4 dxc4 8.
Bxc4 O-O 9. Nc3 Nb6 10. Bb3 Nfd5 11. Bxe7 Qxe7 12. O-O Rd8 13. Rc1 c6 14. Ne5
Nxc3 15. bxc3 Bd7 16. Qg4 Be8 17. Nd3 Nd7 18. f4 c5 19. Ne5 cxd4 20. cxd4 f5
21. Qxf5 Nxe5 22. Qxe5 Bf7 23. f5 Rd6 24. f6 gxf6 25. Rxf6 1-0

[Event "Lichtenberger Sommer 2023"]
[Site "Berlin"]
[Date "2023.08.18"]
[Round "7.40"]
[White "Tedesco, Gennaro"]
[Black "Stärk, Elisa"]
[Result "0-1"]
[WhiteElo "1712"]
[BlackElo "1965"]
[PlyCount "50"]
[EventDate "2023.??.??"]
[WhiteTeam "SC Kreuzberg e.V."]
[BlackTeam "SV Empor Berlin e.V."]

1. c4 Nf6 2. d4 g6 3. Nc3 Bg7 4. e4 d6 5. f3 O-O 6. Be3 a6 7. Qd2 b6 8. O-O-O
c5 9. d5 Nbd7 10. Nh3 b5 11. Nf2 Ne5 12. h3 Nxc4 13. Bxc4 bxc4 14. Qe2 Bd7 15.
Qxc4 Bb5 16. Qb3 Rb8 17. Qc2 Nd7 18. f4 Qa5 19. a3 Nb6 20. Bd2 Nc4 21. Nxb5
Qxb5 22. Nd3 Nxb2 23. Bc3 Bxc3 24. Qxc3 Nxd3+ 25. Qxd3 Qb2# 0-1

[Event "Lichtenberger Sommer 2023"]
[Site "Berlin"]
[Date "2023.08.18"]
[Round "7.41"]
[White "Paashaus, Detlef"]
[Black "Elyounis, Aalaa"]
[Result "0-1"]
[WhiteElo "1931"]
[BlackElo "1737"]
[PlyCount "130"]
[EventDate "2023.??.??"]
[WhiteTeam "HSK Lister Turm"]
[BlackTeam "SC Zitadelle Spandau 1977 e.V."]

1. e4 c5 2. Nf3 d6 3. Bb5+ Nd7 4. O-O a6 5. Bxd7+ Bxd7 6. c4 e6 7. d4 cxd4 8.
Qxd4 Ne7 9. Qxd6 Nd5 10. Qe5 f6 11. Qd4 Nb4 12. Qd1 Qc7 13. a3 Nc6 14. Be3 h5
15. Nbd2 h4 16. Rc1 g5 17. c5 g4 18. Nd4 O-O-O 19. Nxc6 Qxc6 20. Nc4 Qxe4 21.
Nd6+ Bxd6 22. cxd6+ Bc6 23. Rxc6+ Qxc6 24. Qxg4 f5 25. Qf4 Rxd6 26. h3 Rg8 27.
f3 Qd5 28. Rc1+ Rc6 29. Rxc6+ Qxc6 30. Qxh4 Qxf3 31. Qc4+ Qc6 32. Qxc6+ bxc6
33. Bf4 Kd7 34. Kf2 c5 35. Kf3 Kc6 36. g4 fxg4+ 37. hxg4 Kd5 38. Bd2 c4 39. Kf4
e5+ 40. Kf5 Rf8+ 41. Kg6 Rf2 42. Bc3 e4 43. g5 e3 44. Kh7 Rh2+ 45. Kg7 Ke6 46.
g6 Ke7 47. Bb4+ Ke8 48. Kf6 Rf2+ 49. Ke6 Rxb2 50. g7 Rg2 51. Kd5 Kf7 52. Kxc4
Rd2 53. Kc5 Rd1 54. Kb6 Rb1 55. Kxa6 Rxb4 56. axb4 e2 57. b5 e1=Q 58. b6 Qa1+
59. Kb7 Kxg7 60. Kc7 Qc3+ 61. Kd6 Qb4+ 62. Kc6 Qc4+ 63. Kb7 Kf7 64. Ka7 Qa4+
65. Kb8 Ke7 0-1

[Event "Lichtenberger Sommer 2023"]
[Site "Berlin"]
[Date "2023.08.18"]
[Round "7.42"]
[White "Meister, Alexander"]
[Black "Stein, Siegfried"]
[Result "1/2-1/2"]
[WhiteElo "1926"]
[BlackElo "1730"]
[PlyCount "91"]
[EventDate "2023.??.??"]
[WhiteTeam "SK Präsident"]
[BlackTeam "SV Berolina Mitte e.V."]

1. d4 c5 2. e3 g6 3. Nf3 Bg7 4. c4 Nf6 5. g3 O-O 6. Bg2 Nc6 7. O-O d6 8. b3 Bg4
9. Bb2 Qc8 10. a3 Bh3 11. d5 Bxg2 12. Kxg2 Nd8 13. Nbd2 e5 14. e4 Nh5 15. Nh4
Bf6 16. Nhf3 Qg4 17. Kh1 Be7 18. Ng1 Qd7 19. h3 f5 20. exf5 Nf6 21. fxg6 hxg6
22. Qc2 Kg7 23. Ne4 Rh8 24. Kg2 Nf7 25. Nxf6 Bxf6 26. f4 Rh5 27. Rf3 Rah8 28.
g4 Qxg4+ 29. Rg3 Qf5 30. Qxf5 Rxf5 31. fxe5 Bxe5 32. Bxe5+ Nxe5 33. Rf1 Rhf8
34. Rxf5 Rxf5 35. Re3 Kf6 36. Ne2 Kg7 37. Nc3 a6 38. Ne4 Nf7 39. Nf2 Re5 40.
Kf3 b5 41. Ng4 Rxe3+ 42. Kxe3 bxc4 43. bxc4 g5 44. Kd3 Kg6 45. Ke4 a5 46. a4
1/2-1/2

[Event "Lichtenberger Sommer 2023"]
[Site "Berlin"]
[Date "2023.08.18"]
[Round "7.43"]
[White "Mannaberg, Steffen"]
[Black "Skowronski, Peter"]
[Result "0-1"]
[WhiteElo "1903"]
[BlackElo "1728"]
[PlyCount "55"]
[EventDate "2023.??.??"]
[WhiteTeam "vereinslos"]
[BlackTeam "vereinslos"]

1. d4 e6 2. Nf3 c5 3. e3 d5 4. c3 Nf6 5. Nbd2 b6 6. Ne5 Be7 7. Bb5+ Nfd7 8. Qg4
O-O 9. Nc6 Nxc6 10. Bxc6 Rb8 11. Bb5 e5 12. Qe2 exd4 13. cxd4 Bf6 14. Nb3 Re8
15. dxc5 bxc5 16. Bxd7 Bxd7 17. f3 c4 18. Qd1 cxb3 19. Qxd5 Be6 20. Qxd8 Rexd8
21. axb3 Bxb3 22. Kf2 Rd7 23. Re1 Bd8 24. Ra3 a5 25. e4 a4 26. Bf4 Rc8 27. Re2
Rd1 28. Re3 0-1

[Event "Lichtenberger Sommer 2023"]
[Site "Berlin"]
[Date "2023.08.18"]
[Round "7.44"]
[White "Geldner, Gerrit"]
[Black "Sakalli, Selcuk Orkun"]
[Result "1-0"]
[WhiteElo "1900"]
[BlackElo "1706"]
[PlyCount "61"]
[EventDate "2023.??.??"]
[WhiteTeam "SV Roter Turm Halle"]
[BlackTeam "SC Zugzwang 95 e.V."]

1. c4 Nf6 2. Nc3 d5 3. cxd5 Nxd5 4. g3 Nxc3 5. bxc3 c5 6. Bg2 g6 7. Rb1 Bg7 8.
Rxb7 Bxb7 9. Bxb7 Nd7 10. Bxa8 Qxa8 11. Nf3 g5 12. O-O Bf6 13. Qa4 h5 14. d3 g4
15. Ng5 Be5 16. Nxf7 Kxf7 17. Qxd7 Bxc3 18. Bg5 Bf6 19. Bxf6 Kxf6 20. f3 Qd8
21. fxg4+ Kg7 22. Qxd8 Rxd8 23. gxh5 Rd4 24. Rf4 Rd6 25. Ra4 a6 26. Kg2 Kh6 27.
g4 Re6 28. Re4 Rb6 29. Rxe7 Kg5 30. Kg3 Rb2 31. Re6 1-0

[Event "Lichtenberger Sommer 2023"]
[Site "Berlin"]
[Date "2023.08.18"]
[Round "7.45"]
[White "Fock, Madiha"]
[Black "Omar, Samy"]
[Result "0-1"]
[WhiteElo "1667"]
[BlackElo "1896"]
[PlyCount "56"]
[EventDate "2023.??.??"]
[WhiteTeam "TSG Oberschöneweide e.V."]
[BlackTeam "vereinslos"]

1. e4 d6 2. d4 e5 3. Nf3 exd4 4. Nxd4 Nf6 5. Nc3 Be7 6. Bc4 O-O 7. Bb3 Nbd7 8.
f3 Nc5 9. Be3 a5 10. a4 Nxb3 11. Nxb3 Re8 12. O-O c6 13. Qd2 Qc7 14. Qf2 Bd8
15. Rfd1 Qe7 16. Kh1 Bc7 17. Qd2 d5 18. Bg5 dxe4 19. Nxe4 Nxe4 20. fxe4 f6 21.
Bf4 Bxf4 22. Qxf4 Qxe4 23. Qxe4 Rxe4 24. Rd8+ Kf7 25. Nxa5 Rxa5 26. Rxc8 Raxa4
27. Rc7+ Kg6 28. Rxa4 Re1# 0-1

[Event "Lichtenberger Sommer 2023"]
[Site "Berlin"]
[Date "2023.08.18"]
[Round "7.46"]
[White "Schmidt, Jürgen"]
[Black "Kreuchauf, Olaf"]
[Result "1/2-1/2"]
[WhiteElo "1891"]
[BlackElo "1667"]
[PlyCount "56"]
[EventDate "2023.??.??"]
[WhiteTeam "SC Kreuzberg e.V."]
[BlackTeam "SC Eintracht Berlin e.V."]

1. e4 c5 2. Nf3 a6 3. d4 cxd4 4. Nxd4 Nf6 5. Nc3 e5 6. Nf3 Bb4 7. Bd2 O-O 8.
Bd3 d6 9. O-O Nbd7 10. Ne2 Bxd2 11. Nxd2 Nc5 12. Ng3 Nxd3 13. cxd3 Bg4 14. Qe1
Qd7 15. Nc4 Rab8 16. Qd2 b5 17. Ne3 Be6 18. f4 exf4 19. Rxf4 Qe7 20. Raf1 Ne8
21. Ngf5 Qa7 22. b3 Bxf5 23. Rxf5 Rb7 24. Kh1 g6 25. R5f3 f6 26. d4 Rbf7 27.
Nd5 Kg7 28. h3 Nc7 1/2-1/2

[Event "Lichtenberger Sommer 2023"]
[Site "Berlin"]
[Date "2023.08.18"]
[Round "7.47"]
[White "Matitschka, Heinz"]
[Black "Ellert, Stefan"]
[Result "1/2-1/2"]
[WhiteElo "1883"]
[BlackElo "1630"]
[PlyCount "64"]
[EventDate "2023.??.??"]
[WhiteTeam "TSG Oberschöneweide e.V."]
[BlackTeam "SV Empor Berlin e.V."]

1. d4 Nf6 2. c4 e6 3. Nc3 d5 4. cxd5 exd5 5. Bg5 c6 6. e3 Bb4 7. Bd3 Be6 8. Qc2
Nbd7 9. Nf3 Bd6 10. O-O Qc7 11. Rac1 Rc8 12. Bh4 O-O 13. Qb1 Qa5 14. Ng5 h6 15.
Nxe6 fxe6 16. f4 c5 17. Nb5 Bb8 18. dxc5 Qd2 19. Bf2 Nxc5 20. Rcd1 Qb4 21. Be1
Qa4 22. b3 Qa6 23. Nd4 Nxd3 24. Qxd3 Qxd3 25. Rxd3 Rce8 26. Bb4 Rf7 27. Rc1 e5
28. fxe5 Bxe5 29. Nf3 Bc7 30. Bc5 a6 31. Bd4 Ne4 32. Nd2 Nd6 1/2-1/2

[Event "Lichtenberger Sommer 2023"]
[Site "Berlin"]
[Date "2023.08.18"]
[Round "7.48"]
[White "Winkler, Michael"]
[Black "Pröschild, Matthias"]
[Result "0-1"]
[WhiteElo "1642"]
[BlackElo "1883"]
[PlyCount "74"]
[EventDate "2023.??.??"]
[WhiteTeam "ESV 1949 Eberswalde e.V."]
[BlackTeam "BSV 63 Chemie Weißensee"]

1. d4 Nf6 2. c4 g6 3. Nc3 d5 4. Nf3 Bg7 5. Bf4 O-O 6. Qd2 Ne4 7. Qc1 Nxc3 8.
bxc3 dxc4 9. e4 c5 10. Bh6 b5 11. d5 e6 12. a4 exd5 13. Bxg7 Kxg7 14. axb5 dxe4
15. Ne5 Be6 16. Bxc4 Bxc4 17. Nxc4 Qd3 18. Ra4 Nd7 19. Qd2 Nb6 20. Qxd3 exd3
21. Nxb6 axb6 22. Rxa8 Rxa8 23. Kd2 c4 24. Re1 Rc8 25. Re7 Rc5 26. Re4 h6 27.
f4 h5 28. Rd4 f5 29. h4 Kf7 30. Rd6 Rxb5 31. Rc6 Rb2+ 32. Kd1 b5 33. Rb6 Rc2
34. Rxb5 Rxc3 35. Rb2 Rb3 36. Rxb3 cxb3 37. Kc1 Ke6 0-1

[Event "Lichtenberger Sommer 2023"]
[Site "Berlin"]
[Date "2023.08.18"]
[Round "7.49"]
[White "Ruddat, Mathias"]
[Black "Kapp, Frank"]
[Result "1/2-1/2"]
[WhiteElo "1514"]
[BlackElo "1861"]
[PlyCount "70"]
[EventDate "2023.??.??"]
[WhiteTeam "TSG Oberschöneweide e.V."]
[BlackTeam "TSV IFA Chemnitz"]

1. e4 e6 2. d4 d5 3. exd5 exd5 4. Bd3 Nf6 5. Nf3 Bg4 6. O-O Be7 7. Bf4 O-O 8.
Nbd2 Nbd7 9. c3 Nh5 10. Be3 c6 11. h3 Bxf3 12. Nxf3 Qc7 13. Re1 Rae8 14. Rc1
Nf4 15. Bb1 Bd6 16. c4 dxc4 17. Rxc4 h6 18. d5 Nb6 19. Bxb6 Rxe1+ 20. Qxe1 Qxb6
21. Rxf4 Bxf4 22. Qe4 f5 23. Qxf4 cxd5 24. Qd2 d4 25. Nh4 Qc5 26. Nxf5 Rxf5 27.
Bxf5 Qxf5 28. Qxd4 Qb1+ 29. Kh2 Qxa2 30. Qd8+ Kh7 31. Qd3+ Kh8 32. Qd8+ Qg8 33.
Qc7 Qa8 34. b4 b6 35. b5 Qd5 1/2-1/2

[Event "Lichtenberger Sommer 2023"]
[Site "Berlin"]
[Date "2023.08.18"]
[Round "7.50"]
[White "Matitschka, Johannes"]
[Black "Hoppe, Arthur"]
[Result "1/2-1/2"]
[WhiteElo "1855"]
[BlackElo "1591"]
[PlyCount "83"]
[EventDate "2023.??.??"]
[WhiteTeam "TSG Oberschöneweide e.V."]
[BlackTeam "SC Kreuzberg e.V."]

1. Nf3 d5 2. g3 c5 3. Bg2 Nc6 4. O-O Nf6 5. d4 e6 6. c4 dxc4 7. Qa4 cxd4 8.
Nxd4 Qxd4 9. Bxc6+ Bd7 10. Bxd7+ Qxd7 11. Qxc4 Rc8 12. Qb3 Bc5 13. Be3 Bxe3 14.
Qxe3 b6 15. Nc3 O-O 16. Rfd1 Qb7 17. Rd4 Rfd8 18. Rad1 Rxd4 19. Qxd4 h6 20. Nb5
Rc5 21. Qd8+ Kh7 22. Nd6 Qc7 23. Qxc7 Rxc7 24. Rd2 Kg6 25. Nb5 Rc5 26. Nc3 Rc7
27. f3 Rd7 28. Rxd7 Nxd7 29. Kf2 Kf6 30. e4 Nc5 31. Ke3 Ke7 32. Kd4 a6 33. b4
Nd7 34. f4 f6 35. h3 Kd6 36. e5+ Kc6 37. a4 a5 38. b5+ Kc7 39. g4 fxe5+ 40.
fxe5 Nc5 41. Ke3 g5 42. Kf3 1/2-1/2

[Event "Lichtenberger Sommer 2023"]
[Site "Berlin"]
[Date "2023.08.18"]
[Round "7.51"]
[White "Schmidt, Fabian"]
[Black "Eis, Cedric"]
[Result "1/2-1/2"]
[WhiteElo "1848"]
[BlackElo "1557"]
[PlyCount "126"]
[EventDate "2023.??.??"]
[WhiteTeam "SV Königsjäger Süd-West e.V."]
[BlackTeam "SF Berlin 1903 e.V."]

1. e4 c5 2. Nf3 d6 3. Bb5+ Bd7 4. Bxd7+ Qxd7 5. O-O Nf6 6. e5 dxe5 7. Nxe5 Qc7
8. Qf3 Qxe5 9. Qxb7 Qd5 10. Qc8+ Qd8 11. Qxc5 e6 12. Qc4 Be7 13. Nc3 O-O 14. d4
Nd5 15. Ne4 Nd7 16. c3 N7b6 17. Qe2 Rc8 18. Ng3 Bd6 19. Ne4 Bf4 20. a4 Re8 21.
a5 Nc4 22. Nc5 Bxc1 23. Rfxc1 Nxa5 24. c4 Ne7 25. b4 Rxc5 26. dxc5 Nb3 27. Qb2
Nxc1 28. Qxc1 Qc7 29. Qa3 Rd8 30. g3 Nc8 31. h4 h6 32. b5 Rd4 33. Qb4 Qd8 34.
Kg2 Qc7 35. Rb1 f5 36. Re1 Qe7 37. Re5 Re4 38. Qc3 Qf6 39. f4 g5 40. hxg5 hxg5
41. Kf3 Rxe5 42. fxe5 Qd8 43. Ke2 Kf7 44. Qa1 Qc7 45. Qd4 Ke7 46. Qe3 f4 47.
gxf4 gxf4 48. Qd4 Qa5 49. Qxf4 Qa2+ 50. Kf1 Qb1+ 51. Kg2 Qc2+ 52. Kg3 Qg6+ 53.
Kf3 Qf5 54. Ke3 Qxf4+ 55. Kxf4 Kf7 56. Kg3 Kg6 57. Kg4 Kh6 58. Kf4 Kg6 59. c6
Kh6 60. c5 Kg6 61. Kg4 Kh6 62. Kf4 Kg6 63. Kg4 Kh6 1/2-1/2

[Event "Lichtenberger Sommer 2023"]
[Site "Berlin"]
[Date "2023.08.18"]
[Round "7.52"]
[White "Janoschka, Julien"]
[Black "Gmeiner, Joram"]
[Result "0-1"]
[WhiteElo "1480"]
[BlackElo "1847"]
[PlyCount "38"]
[EventDate "2023.??.??"]
[WhiteTeam "SF Nordost Berlin"]
[BlackTeam "SF Siemensstadt"]

1. Nc3 c5 2. Nf3 d6 3. d4 cxd4 4. Nxd4 g6 5. e4 Nf6 6. Bc4 Nc6 7. Be3 Bg7 8. f3
O-O 9. O-O Bd7 10. Qd2 Qc7 11. Bb3 a6 12. Rad1 Na5 13. Bh6 Nxb3 14. cxb3 Bxh6
15. Qxh6 b5 16. Qg5 Rac8 17. Nd5 Nxd5 18. Qxd5 Qa7 19. e5 Bc6 0-1

[Event "Lichtenberger Sommer 2023"]
[Site "Berlin"]
[Date "2023.08.18"]
[Round "7.53"]
[White "Kohlmeyer, Dagobert"]
[Black "Mazurtsova, Margarita"]
[Result "0-1"]
[WhiteElo "1840"]
[BlackElo "1526"]
[PlyCount "184"]
[EventDate "2023.??.??"]
[WhiteTeam "SG Weißensee 49 e.V."]
[BlackTeam "SC Kreuzberg e.V."]

1. e4 e6 2. d4 d5 3. Nc3 dxe4 4. Nxe4 Nd7 5. Nf3 Ngf6 6. Nxf6+ Nxf6 7. Bd3 c5
8. O-O cxd4 9. Nxd4 Bd7 10. Be3 Nd5 11. Bd2 Bc5 12. Nb3 Be7 13. Qg4 Bf6 14. c3
O-O 15. Qe4 g6 16. Rae1 Bg7 17. Nd4 Qb6 18. b3 Rac8 19. c4 Qxd4 20. Qxd4 Bxd4
21. cxd5 exd5 22. Be3 Bxe3 23. Rxe3 Rfe8 24. Rg3 Re7 25. Rg5 Bc6 26. h4 Rce8
27. h5 Re5 28. Rxe5 Rxe5 29. hxg6 hxg6 30. a4 Kg7 31. Rd1 Kf6 32. f3 Ke7 33.
Kf2 Kd6 34. Rc1 Re7 35. f4 Rc7 36. Ke3 a6 37. Kd4 Re7 38. Rd1 Re8 39. Rh1 Bd7
40. Rh7 Re7 41. Rh1 Bg4 42. Rh6 Bd1 43. Kc3 Rc7+ 44. Kb2 Kc5 45. f5 gxf5 46.
Bxf5 Re7 47. Bd3 Kd4 48. Bf1 Be2 49. Rh4+ Kc5 50. b4+ Kd6 51. Rh6+ Kc7 52. Rf6
d4 53. Kc2 d3+ 54. Kd2 Kd7 55. g3 Ke8 56. Rf2 Bxf1 57. Rxf1 Re4 58. Rf4 Re2+
59. Kxd3 Ra2 60. a5 Ra3+ 61. Kc4 Rxg3 62. Kc5 Rg6 63. Rf5 Ke7 64. b5 Re6 65.
bxa6 Rxa6 66. Kb5 Re6 67. Rh5 Rf6 68. Re5+ Kd7 69. Rd5+ Kc7 70. Re5 Kb8 71. Rc5
Ka7 72. Re5 Kb8 73. Rc5 Ka7 74. Re5 Rf1 75. Rd5 f6 76. Kc5 Re1 77. Kd6 Ka6 78.
Rf5 Re5 79. Rxf6 Rxa5 80. Kc7+ Ka7 81. Rf1 Rc5+ 82. Kd6 b6 83. Ra1+ Kb7 84. Rb1
Rg5 85. Rb2 b5 86. Ra2 Kb6 87. Ra8 b4 88. Ke6 Kb5 89. Kf6 Rc5 90. Ke6 b3 91.
Kd6 Rh5 92. Ra7 Kb4 0-1